| 000 | 00957nam a22002537a 4500 | ||
|---|---|---|---|
| 001 | 5638 | ||
| 003 | FISKH | ||
| 005 | 20250108113701.0 | ||
| 008 | 250108b cb ||||| |||| 00| 0 eng d | ||
| 020 | _a9780439944595 | ||
| 040 |
_aFISKH _beng _cFISKH _dFISKH |
||
| 050 | _aGB512.G355 | ||
| 082 | _a551.432 | ||
| 100 | _aGaneri, Anita | ||
| 245 |
_aFreaky peaks / _cby Anita Ganeri : Illustrated by Mike Phillips |
||
| 260 |
_aNew York : _bScholastic ; _c2002. |
||
| 300 |
_a128 pages : _billustrations ; _c21 cm . |
||
| 490 | _aHorrible Geogaphy | ||
| 520 | _aTaking you on a thrilling mountain tour from Everest to Kilimanjaro, this book tells you about the intrepid explorers who conquered the world's highest mountains; explains how mountains are formed, and shows how a giant glacier carves out a path down a mountain. | ||
| 650 |
_ahistory _vnon-fiction |
||
| 700 |
_aPhillips, Mike _eillustrator |
||
| 942 |
_2ddc _cBK _n0 |
||
| 999 |
_c5638 _d5638 |
||